Townships of Chambersburg School District Quiz Stats

 Plays Quiz not verified by Sporcle

Support Sporcle.
Go Orange.
Score 0/6 Timer 02:00
0 Plays Today
Population Township/Borough % Correct
17,209Greene Township
88.9%
14,586Guilford Township
83.3%
20,360Chambersburg Borough
77.8%
10,964Hamilton Township
61.1%
2,331Letterkenny Township
50%
2,164Lurgan Township
50%

You're not logged in!

Compare scores with friends on all Sporcle quizzes.
OR
Log In

From the Vault

Products That End in O

by MSUKent

These products sure are neato!
Remove Ads.
Support Sporcle.
Get the best of Sporcle when you Go Orange. This ad-free experience offers more features, more stats, and more fun while also helping to support Sporcle. Thank you for becoming a member.

Show Comments

Extras

Top Quizzes Today


Score Distribution

Your Account Isn't Verified!

In order to create a playlist on Sporcle, you need to verify the email address you used during registration. Go to your Sporcle Settings to finish the process.

Report this User

Report this user for behavior that violates our Community Guidelines.

Details: